书目信息 |
| 书名: | A problem seminar | |
| 作者: | Donald J. Newman. | |
| 分册号: | ||
| 分册名: | 出版地: | New York : |
|
| 出版社: | Springer-Verlag | |
| 出版时间: | c1982. | |
| 页数: | 113 p. ; | |
| 开本: | 24 cm. | |
| 丛书名: | ||
| 中图分类号: | ||
| 科图分类号: | ||
| 其他分类号: | O1:H31 | |
| 主题词: | ||
| 电子资源: | ||
| 000 | 00965pam 2200397 a 4500 | |
| 001 | E0733523197 | |
| 005 | 20070228092007.50 | |
| 020 | @a0387907653 (pbk.). | |
| 090 | @aO1:H31 | |
| 099 | @dO1:H31@ex117 | |
| 100 | 1 | @aNewman, Donald J.,@d1930- |
| 245 | 12 | @aA problem seminar / @cDonald J. Newman. |
| 260 | @aNew York :@bSpringer-Verlag,@cc1982. | |
| 300 | @a113 p. ;@c24 cm. | |
| 490 | 0 | @aProblem books in mathematics |
| 920 | @a231030@bO1-44@cN552P@z1 | |
| 920 | @a244050@z2 | |
| 920 | @a212010@z1 | |
| 920 | @a212020@z1 | |
| 920 | @a231220@z1 | |
| 920 | @a211010@bO1-44@cN463 @z1 | |
| 920 | @a211060@z1 | |
| 920 | @a242120@z1 | |
| 920 | @a215010@z1 | |
| 920 | @a245010@z1 | |
| 920 | @a243160@z1 | |
| 920 | @a261020@z2 | |
| 920 | @a243040@z1 | |
| 920 | @a241010@z1 | |
| 920 | @a242250@z2 | |
| 920 | @a236010@z2 | |
| 920 | @a222020@z2 | |
| 920 | @a222010@z1 | |
| 920 | @a251430@z1 | |
| 920 | @a251050@z1 | |
| 998 | @aPUL | |
| A problem seminar / / Donald J. Newman.-New York : : Springer-Verlag, , c1982. |
| 113 p. ; ; 24 cm.- (Problem books in mathematics) |
| ISBN 0387907653 (pbk.). |
| ● |
| 相关链接 |
|
|
|
|
正题名:problem seminar
索取号:O1:H31/x117
 
预约/预借
| 序号 | 登录号 | 条形码 | 馆藏地/架位号 | 状态 | 备注 |
| 1 | 122322 | 000453226 | 第四借阅区/ [索取号:O1:H31/x117] | 在馆 | |
| 2 | 122323 | 000453388 | 第四借阅区/ [索取号:O1:H31/x117] | 在馆 | |
| 3 | 122324 | 000453262 | 第四借阅区/ [索取号:O1:H31/x117] | 在馆 | |
| 4 | 122325 | 000453306 | 第四借阅区/ [索取号:O1:H31/x117] | 在馆 | |
| 5 | 122326 | 000453342 | 第四借阅区/ [索取号:O1:H31/x117] | 在馆 |